Представление документа в формате MARC21

Поле Инд. ПП Название Значение
Тип записи a
Библиографический уровень m
001 Контрольный номер b259c456-e0c8-4826-b638-0c88da9f66e8
005 Дата корректировки 20140226182501.5
008 Кодируемые данные 960426 d
020 c Цена, тираж 1-60
040 a Служба первич. каталог. НБ ТвГУ
041 a Код языка текста rus
080 a Индекс УДК 94/99(075.8)
084 a Индекс другой классификации/Индекс ББК Т3(0)6я731-1
090 x Авторский знак Н72
a Полочн. индекс Т3(О)6
245 10 a Заглавие Новейшая история зарубежных стран. Европа и Америка, 1917-1945
b Продолж. заглавия [По спец. "История"
c Ответственность В. К. Фураев, Д. П. Прицкер, Ю. М. Чернецовский и др.] ; Под ред. В. К. Фураева
250 a Основные сведения об издании 4-е изд.
b Дополнительные сведения об издании доп. и перераб.
260 0_ a Место издания Москва
b Издательство Просвещение
c Дата издания 1989
300 a Объем 447 с.
b Иллюстрации/ тип воспроизводства [8] л. карты.
440 a Серия Учебник для педагогических институтов
650 a Основная рубрика Новейшая история
x Основная подрубрика Учебники для вузов
z Географическая подрубрика Америка
z Географическая подрубрика Европа
650 a Основная рубрика Всемирная история
y Хронологическая подрубрика 20 в.
650 a Основная рубрика История
653 a Ключевые слова Всемирная история
a Ключевые слова История Америки
a Ключевые слова История Европы
a Ключевые слова Новейшая история
a Ключевые слова Учебники
700 1_ a Другие авторы Фураев Виктор Константинович
e Роль лиц авт.
700 1_ a Другие авторы Прицкер Д. П.
e Роль лиц авт.
700 1_ a Другие авторы Чернецовский Юрий Михайлович
e Роль лиц авт.
852 t Порядковый номер экземпляра 2
p Инвентарный номер 602117
p Инвентарный номер 602118
852 t Порядковый номер экземпляра 3
p Инвентарный номер 5229 - 3 экз.
930 a Новая/Ретро учебники
954 a Дата поступления на обработку 20011222
999 a Подразделение 2 кх.
a Подразделение 2 ч.з.